000 00691nas a2200229 4500
001 BR8603382
003 BR-BrBNA
005 20231205090537.0
007 ta
008 230509b bl.|||p| |||| 00| 00por d
040 _aBR-BrBNA
_bpor
_cBiblioteca Nacional de Agricultura
041 _a(Pt)
072 _aM12
100 1 _aAnon.
245 1 _aCriacao de crocodilos; esta e a "pecuaria" do futuro para os tropicos umidos?
650 _aCROCODILO
650 _aCRIACAO
650 _aINSEMINACAO ARTIFICIAL
773 0 _tRevista dos Criadores (Brazil)
_xISSN 0034-9259
_g(May 1986), v. 55(676) p. 113-116
_wBR8603382
909 _a202311
_bLúcia
_c55
_dLúcia Elande
942 _2AGRIS
_n0
_cANA
999 _c119182
_d119182